| 000 | 00823nam a2200253 i 4500 | ||
|---|---|---|---|
| 001 | 22572 | ||
| 003 | ES-MaACL | ||
| 005 | 20250816195244.0 | ||
| 007 | t| | ||
| 008 | 021203s1983 sp ||||1| spa d | ||
| 100 | 1 |
_aÁlvarez Méndez, Juan Manuel. _920654 |
|
| 245 | 1 | 0 |
_aLingüística fundamental _b: introducción a los autores / _cJuan Manuel Alvarez. |
| 260 |
_a[Madrid] : _bAkal, _c[1983] |
||
| 300 |
_a108 p. ; _c22 cm. |
||
| 490 | 1 |
_aAkal universitaria. Serie Letras ; _v50 |
|
| 600 | 0 | 4 |
_aSaussure, Ferdinand de, _d1857-1913 _9104017 |
| 600 | 0 | 4 |
_aHjelmslev, Louis. _963842 |
| 600 | 1 | 4 |
_aChomsky, Noam, _d1928- _938607 |
| 650 | 4 |
_914463 _aLingüística |
|
| 830 | 0 | 0 |
_aAkal universitaria. _pLetras _v50 _9183293 |
| 852 |
_aES-MaACL _jL-4797 _bR.105056 |
||
| 942 | _2udc | ||
| 999 |
_c22572 _d22572 |
||